On a Map: Africa Quiz Stats

 Plays Quiz Updated Jul 2, 2018

Also try: Is It In Africa?
Challenge
Share
Tweet
Score 0/54 Timer 06:00
5 Plays Today
Country % Correct
Egypt
86%
Morocco
84.1%
Algeria
83.8%
Libya
83.6%
Sudan
83.5%
Madagascar
82.6%
South Africa
82.5%
Tunisia
81.9%
Somalia
81.6%
Chad
81.4%
Niger
80.9%
Ethiopia
80.7%
Democratic Republic of the Congo
80.6%
Mali
79.9%
Kenya
78.4%
Nigeria
78.3%
Eritrea
77.4%
Djibouti
76.9%
Lesotho
76.9%
Central African Republic
76.7%
South Sudan
76.1%
Togo
76.1%
Rwanda
76.1%
eSwatini
75.8%
Angola
74.9%
Uganda
74.1%
Zimbabwe
74%
Country % Correct
Mauritania
73.9%
Namibia
73.9%
Benin
73.7%
Ghana
73.4%
Mozambique
73.4%
Botswana
73.3%
Senegal
72.9%
Tanzania
72.2%
Côte d'Ivoire
71.4%
The Gambia
70.8%
Zambia
70.8%
Cameroon
70.4%
Liberia
69.8%
Guinea
69.5%
Sierra Leone
68.5%
Burundi
68.4%
Seychelles
67.8%
Malawi
67.6%
Burkina Faso
67.4%
Equatorial Guinea
67.3%
Republic of the Congo
66.4%
Cabo Verde
66.2%
Guinea-Bissau
65.8%
Gabon
64.3%
Comoros
62.1%
Mauritius
60.5%
São Tomé and Príncipe
57.4%

You're not logged in!

Compare scores with friends on all Sporcle quizzes.
OR
Log In

You Might Also Like...

Show Comments

Extras

Top Quizzes Today


Score Distribution

Your Account Isn't Verified!

In order to create a playlist on Sporcle, you need to verify the email address you used during registration. Go to your Sporcle Settings to finish the process.

Report this User

Report this user for behavior that violates our Community Guidelines.

Details: